| 000 | 00779nam a2200193 i 4500 | ||
|---|---|---|---|
| 001 | bg | ||
| 245 | 0 | 0 |
_aTraktat ustanawiający Konstytucję dla Europy podpisany w Rzymie 29 października 2004 r. : _bProtokoły i Załączniki I i II do Traktatu ustanawiającego Konstytucję dla Europy, Deklaracje do załączenia do Aktu Końcowego Konferencji Międzyrządowej i Akt Końcowy / _cUrząd Komitetu Integracji Europejskiej. |
| 260 |
_aWarszawa : _bUKIE, _c2004. |
||
| 300 |
_a478, [1] s., err. ; _c24 cm. |
||
| 650 | 9 | _aKonstytucja Europejska | |
| 710 | 0 | _aUrząd Komitetu Integracji Europejskiej | |
| 020 | _a838997228X | ||
| 040 | _cBPK | ||
| 041 | 0 | _apol | |
| 080 | _a341.12(4-67) | ||
| 920 | _a83-89972-28-X | ||
| 942 | _cKS | ||
| 008 | s pl f |000 0 pol | ||
| 999 |
_c46462 _d46462 |
||
| 856 |
_uhttp://koha.tu.koszalin.pl/cgi-bin/koha/opac-detail.pl?biblionumber=46462 _yKatalog online BPK |
||